<?xml version="1.0" encoding="UTF-8"?>
<marc:record xmlns:marc="http://www.loc.gov/MARC21/slim">
   <marc:leader>00000nam a2200000 a 4500</marc:leader>
   <marc:datafield ind1="1" ind2=" " tag="100">
      <marc:subfield code="a">Macmillan, Gilly</marc:subfield>
      <marc:subfield code="4">aut</marc:subfield>
      <marc:subfield code="e">Verfasser/-in</marc:subfield>
   </marc:datafield>
   <marc:datafield ind1="0" ind2="0" tag="245">
      <marc:subfield code="a">Perfect Girl - nur du kennst die Wahrheit</marc:subfield>
   </marc:datafield>
   <marc:datafield ind1="0" ind2="0" tag="245">
      <marc:subfield code="b">Thriller</marc:subfield>
   </marc:datafield>
   <marc:datafield ind1="0" ind2="0" tag="245">
      <marc:subfield code="c">Macmillan, Gilly</marc:subfield>
   </marc:datafield>
   <marc:datafield ind1=" " ind2="1" tag="264">
      <marc:subfield code="a">München</marc:subfield>
      <marc:subfield code="b">Knaur</marc:subfield>
      <marc:subfield code="c">2017</marc:subfield>
   </marc:datafield>
   <marc:datafield ind1="1" ind2=" " tag="490">
      <marc:subfield code="a">Knaur</marc:subfield>
      <marc:subfield code="v">52056</marc:subfield>
   </marc:datafield>
   <marc:datafield ind1=" " ind2=" " tag="250">
      <marc:subfield code="a">Deutsche Erstausgabe</marc:subfield>
   </marc:datafield>
   <marc:datafield ind1="1" ind2=" " tag="520">
      <marc:subfield code="a">Angaben aus der Verlagsmeldung &#xD;
&#xD;
 &#xD;
&#xD;
  Perfect Girl - Nur du kennst die Wahrheit : Thriller The Perfect Girl / von Gilly Macmillan &#xD;
&#xD;
 &#xD;
Raffiniert erzählte britische Psychospannung um eine junge Pianistin mit dunkler Vergangenheit  von der Autorin des New York Times-Bestsellers Toter Himmel.&#xD;
&#xD;
Niemals darf Zoes Stiefvater erfahren, was vor drei Jahren geschehen ist. Das hat ihre Mutter Maria der 18-Jährigen wieder und wieder eingetrichtert. Nichts darf die Idylle ihres perfekten neuen Lebens zerstören. Doch als die hochbegabte Pianistin Zoe gemeinsam mit ihrem Stiefbruder ein Konzert gibt, taucht im Publikum ein Mann auf, der Zoe als Mörderin beschimpft. Wenige Stunden später ist ihre Mutter tot. Und es zeigt sich, dass Zoe nicht die einzige ist, die ein dunkles Geheimnis hütet ...&#xD;
In nur 24 Stunden bricht eine scheinbar heile Welt zusammen: Gilly Macmillan enthüllt das Drama in perfiden, elegant verschachtelten Häppchen, die es unmöglich machen, dieses Buch aus der Hand zu legen.</marc:subfield>
   </marc:datafield>
   <marc:datafield ind1=" " ind2=" " tag="020">
      <marc:subfield code="a">9783426520567</marc:subfield>
      <marc:subfield code="9">9783426520567</marc:subfield>
   </marc:datafield>
   <marc:datafield ind1=" " ind2=" " tag="020">
      <marc:subfield code="a">3426520567</marc:subfield>
      <marc:subfield code="9">3426520567</marc:subfield>
   </marc:datafield>
   <marc:datafield ind1=" " ind2=" " tag="041">
      <marc:subfield code="a">ger</marc:subfield>
   </marc:datafield>
   <marc:datafield ind1="0" ind2=" " tag="490">
      <marc:subfield code="v">52056</marc:subfield>
   </marc:datafield>
   <marc:datafield ind1=" " ind2=" " tag="338">
      <marc:subfield code="a">Band</marc:subfield>
   </marc:datafield>
   <marc:datafield ind1=" " ind2=" " tag="300">
      <marc:subfield code="a">456 Seiten</marc:subfield>
   </marc:datafield>
</marc:record>
